Southville International School and Colleges
Your cart is empty.
  • Cart
  • Lists
    Public lists Eva Luna New books Lux_list list_1
    Your lists Log in to create your own lists
  • Log in to your account
  • Your cookies
  • Search history
Southville International School and Colleges
  • Advanced search
  • Recent comments
  • Most popular
  • Libraries

Log in to your account

Log in with GOOGLE


If you do not have an external account, but do have a local account, you can still log in:

  1. Home
  2. MARC view: Enola Holmes and the black barouche /
Normal view MARC view ISBD view

Enola Holmes and the black barouche / (Record no. 366457)

[ view plain ]
MARC details
000 -LEADER
fixed length control field 00971nam a22002417a 4500
003 - CONTROL NUMBER IDENTIFIER
control field 0
005 - DATE AND TIME OF LATEST TRANSACTION
control field 20241004145917.0
008 - FIXED-LENGTH DATA ELEMENTS--GENERAL INFORMATION
fixed length control field 241004b xxu||||| |||| 00| 0 eng d
020 ## - INTERNATIONAL STANDARD BOOK NUMBER
International Standard Book Number 9781250822956
050 ## - LIBRARY OF CONGRESS CALL NUMBER
Classification number PZ 7
Item number .Sp769 2021
100 ## - MAIN ENTRY--PERSONAL NAME
Personal name Springer, Nancy,
Relator term author.
245 ## - TITLE STATEMENT
Title Enola Holmes and the black barouche /
Statement of responsibility, etc Nancy Springer.
250 ## - EDITION STATEMENT
Edition statement 1st ed.
260 ## - PUBLICATION, DISTRIBUTION, ETC. (IMPRINT)
Place of publication, distribution, etc New York :
Name of publisher, distributor, etc Wednesday Books,
Date of publication, distribution, etc 2021.
300 ## - PHYSICAL DESCRIPTION
Extent 261 p. ;
Dimensions 22 cm.
440 ## - SERIES STATEMENT/ADDED ENTRY--TITLE
Title Enola Holmes mysteries ;
Number of part/section of a work 7
520 ## - SUMMARY, ETC.
Summary, etc When professional typist Letitia Glover is desperate to learn more about the fate of her twin sister Flossie, Enola enlists the help of her brother Sherlock and her friend Tewky to investigate Flossie's husband, the sudden death of his first wife, and the mysterious appearance of a black barouche.
650 ## - SUBJECT ADDED ENTRY--TOPICAL TERM
Topical term or geographic name as entry element Twins
Form subdivision Fiction.
650 ## - SUBJECT ADDED ENTRY--TOPICAL TERM
Topical term or geographic name as entry element Sisters
Form subdivision Fiction.
650 ## - SUBJECT ADDED ENTRY--TOPICAL TERM
Topical term or geographic name as entry element Marriage
Form subdivision Fiction.
650 ## - SUBJECT ADDED ENTRY--TOPICAL TERM
Topical term or geographic name as entry element Psychiatric hospitals
Form subdivision Fiction.
942 ## - ADDED ENTRY ELEMENTS (KOHA)
Source of classification or shelving scheme Library of Congress Classification
Koha item type Books
Holdings
Withdrawn status Lost status Source of classification or shelving scheme Damaged status Home library Current library Shelving location Date acquired Source of acquisition Sub Shelving location Total Checkouts Full call number Barcode Date last seen Price effective from Koha item type
    Library of Congress Classification   Luxembourg Library Luxembourg Library Fiction Section 10/04/2024 Library Fund     PZ 7 .Sp769 2021 21279 10/04/2024 10/04/2024 Books

Enola Holmes and the black barouche /

APA

Springer N., . (2021). Enola Holmes and the black barouche. New York: Wednesday Books.

Chicago

Springer Nancy, . 2021. Enola Holmes and the black barouche. New York: Wednesday Books.

Harvard

Springer N., . (2021). Enola Holmes and the black barouche. New York: Wednesday Books.

MLA

Springer Nancy, . Enola Holmes and the black barouche. New York: Wednesday Books. 2021.

  • Place hold
  • Print
  • Cite
  • Add to your cart (remove)
  • Save record
    BIBTEX Dublin Core MARCXML MARC (non-Unicode/MARC-8) MARC (Unicode/UTF-8) MARC (Unicode/UTF-8, Standard) MODS (XML) RIS
  • More searches
    Search for this title in:
    Other Libraries (WorldCat) Other Databases (Google Scholar) Online Stores (Bookfinder.com) Open Library (openlibrary.org)

Exporting to Dublin Core...

SOUTHVILLE LIBRARY

Southville International School and Colleges Library

1281 Tropical Ave. Cor. Luxembourg St., BF Homes International, Las Pinas City

Tel. No. 8256374 / 252358 Loc. 117/146

Powered by Koha